Statistics for SPFL League One Clubs by Badges

Click here to take the quiz!

General Stats

  • This quiz has been taken 22 times
  • The average score is 6 of 10

Answer Stats

Answer % Correct
Partick Thistle
90%
Falkirk
80%
Airdrieonians
70%
Peterhead
60%
Forfar Athletic
60%
East Fife
60%
Clyde
60%
Cove Rangers
40%
Montrose
40%
Dumbarton
40%

Score Distribution

Percentile by Number Answered

Percent of People with Each Score

Your Score History

You have not taken this quiz